Statistiques concernant Joueurs des Bruins de Boston

Cliquez ici pour prendre le quiz!

Statistiques générales

  • Ce quiz a été pris 22 fois
  • Le résultat moyen est 15 sur 25

Statistiques - réponses

NumérosJoueurs% Correct
63Brad Marchand
100%
37Patrice Bergeron
100%
40Tuukka Rask
100%
33Zdeno Chara
100%
88David Pastrnak
92%
41Jaroslav Halak
92%
73Charlie McAvoy
83%
46David Krejci
75%
47Torey Krug
75%
42David Backes
67%
74Jake DeBrusk
67%
90Marcus Johansson
67%
25Brandon Carlo
58%
13Charlie Coyle
58%
43Danton Heinen
42%
22Peter Cehlarik
42%
20Joakim Nordstrom
33%
86Kevan Miller
33%
55Noel Acciari
33%
44Steven Kampfer
33%
14Chris Wagner
25%
27John Moore
25%
83Karson Kuhlman
17%
48Matt Grzelcyk
17%
52Sean Kuraly
17%

Distribution des résultats

Percentile par nombre de réponses

% des personnes avec chaque résultat

Votre développement - résultats

Vous n’avez pas pris ce quiz